000 00483nam a2200181Ia 4500
005 20250326130101.0
008 250326s9999 xx 000 0 und d
037 _aTextbook
040 _aFMSL
_beng
_cFMSL
041 _aeng
_2eng
084 _aXob28 L4
_qFMSL
100 _aDhrymes P J
_9325313
245 0 _aEconometrics
_cDhrymes P J
260 _aNew Delhi
_bNew Delhi, R R Bowkey
_c1974
300 _a280p
942 _cTB
_hXob28 L4
999 _c1280840
_d1280840